[Event "Tata Steel-A 76th"]
[Site "Wijk aan Zee"]
[Date "2014.01.25"]
[Round "10"]
[White "Rapport, Richard"]
[Black "Nakamura, Hikaru"]
[Result "0-1"]
[WhiteElo "2691"]
[BlackElo "2789"]
[Annotator "Ftacnik,L"]
[PlyCount "64"]
[EventDate "2014.01.11"]
[EventType "tourn"]
[EventRounds "11"]
[EventCountry "NED"]
[EventCategory "20"]
[SourceTitle "CBM 159"]
[Source "ChessBase"]
[SourceDate "2014.03.17"]
[SourceVersion "1"]
[SourceVersionDate "2014.03.17"]
[SourceQuality "1"]

1. Nf3 c5 2. b3 {It is possible to dislike opening theory, but even more
understandable is to laden with well-known patterns.} d6 3. e3 e5 4. Bb5+ {
White is inviting the opponent to the exchange of the light squared bishops as
his pawn structure in the center is heavy on dark squares.} (4. Bb2 f5 (4...
Nc6 5. Bb5 Bd7 6. O-O a6 7. Be2 g6 8. d4 exd4 9. exd4 Bg7 10. Na3 b5 11. c4 b4
12. Nc2 Nge7 13. a3 O-O 14. axb4 cxb4 15. Ne3 Nf5 16. Nxf5 Bxf5 17. Qd2 $14 {
1-0 (34) Goganov,A (2577)-Alekseev,E (2710) St Petersburg 2013}) (4... Nf6 5.
d4 cxd4 6. exd4 e4 7. Nfd2 d5 8. Be2 Nc6 9. f3 exf3 10. Nxf3 Bd6 11. Ne5 O-O
12. Nd2 Re8 13. Ndf3 Ne4 14. O-O f6 15. Nxc6 bxc6 16. Bd3 Bg4 17. c4 Rc8 $15 {
0-1 (88) Bromann,T (2378)-Beliavsky,A (2652) Copenhagen 2002}) 5. Bb5+ Bd7 6.
Bxd7+ Qxd7 7. O-O Nf6 8. c4 Be7 9. d4 cxd4 10. exd4 e4 11. Ng5 d5 12. Nc3 O-O
13. Nh3 Nc6 14. Nf4 dxc4 15. d5 Ne5 16. Ne6 Rfc8 17. Nxe4 fxe4 18. Bxe5 Qxd5
19. Qxd5 Nxd5 20. Rad1 $11 {1-0 (45) Kramnik,V (2803)-Caruana,F (2774) Moscow
2013}) (4. d4 cxd4 5. exd4 e4 6. Qe2 Nf6 7. Nbd2 d5 8. Ne5 Nc6 9. Bb2 Bd6 10.
O-O-O O-O 11. h3 Qe7 12. Ng4 Nxg4 13. hxg4 f5 14. Qb5 Be6 15. gxf5 Rxf5 $17 {
0-1 (47) Rodriguez Vila,A (2508)-Felgaer,R (2584) Villa Martelli 2010}) 4...
Nc6 (4... Nd7 5. O-O f5 (5... a6 6. Be2 Ngf6 7. c4 d5 8. d4 exd4 9. exd4 Be7
10. Nc3 cxd4 11. Qxd4 dxc4 12. Bxc4 O-O 13. Rd1 b5 14. Bd5 Nxd5 15. Nxd5 Bf6
16. Nxf6+ Qxf6 17. Ba3 Qxd4 18. Nxd4 Re8 $11 {1/2 (59) Kramnik,V (2810)
-Gelfand,B (2740) Zuerich 2013}) (5... e4 6. Ne1 Ngf6 7. Bb2 Be7 8. f3 O-O 9.
fxe4 Nxe4 10. Nc3 Bf6 11. Nxe4 Bxb2 12. Rb1 Be5 13. Nf3 Qe7 14. Nxe5 Nxe5 15.
Nc3 Be6 16. d4 Ng4 17. Qd2 Qg5 18. Rf4 cxd4 19. Qxd4 Rac8 $11 {1/2 (24)
Kovacevic,B (2454)-Sermek,D (2577) Rabac 2003}) 6. d4 cxd4 7. exd4 e4 8. Ng5
Ngf6 9. Ne6 Qb6 10. d5 Kf7 11. a4 Ne5 12. Be3 Qa5 13. b4 Qxb4 14. Bd2 Qb2 15.
Bc3 Qxa1 16. Bxa1 Bxe6 17. dxe6+ Kxe6 18. Bxe5 Kxe5 19. Nd2 Be7 20. Qa1+ Kf4
21. Qc3 {1-0 (21) Speelman,J (2597)-Ward,C (2473) London 1999}) (4... Bd7 5.
Bxd7+ Qxd7 6. d4 cxd4 7. exd4 e4 8. Nfd2 (8. Qe2 f5 9. O-O Be7 10. Ne1 Nf6 11.
Ba3 Nc6 12. c3 O-O 13. f3 d5 14. Bxe7 Nxe7 $15 {1/2 (48) Vidonyak,R (2452)
-Cvitan,O (2562) Zuerich 2002}) 8... d5 9. O-O Nf6 10. c4 Nc6 11. cxd5 Qxd5 12.
Nc3 Qxd4 13. Ndxe4 Nxe4 14. Qxd4 Nxd4 15. Nxe4 Be7 16. Bb2 Ne2+ 17. Kh1 O-O 18.
Rfd1 Rfd8 19. g3 f5 20. Nd2 Rac8 $11 {0-1 (32) Carrasco Martinez,J (2375)
-Gonzalez de la Torre,S (2431) Melilla 2011}) 5. Nc3 {It is refreshing to play
a 5th move, that has no precedents in the games of strong tournament players.
White has decided to address the problems of the centre without any delay.} (5.
O-O e4 (5... Bg4 6. h3 Bh5 7. Be2 Be7 8. Bb2 Nf6 9. d3 O-O 10. c4 Ne8 11. Nc3
Bg6 12. Nd5 Nc7 13. a3 Nxd5 14. cxd5 Nb8 15. b4 Nd7 16. Qb3 b5 17. Qa2 Rb8 18.
Rac1 a5 19. Bc3 cxb4 20. axb4 a4 $11 {0-1 (47) Miles,A (2435)-Sax,G (2510)
Teeside 1975}) (5... a6 6. Bxc6+ bxc6 7. d4 e4 8. Nfd2 d5 9. Ba3 cxd4 10. Bxf8
Kxf8 11. exd4 Qf6 12. c3 Qg6 13. Kh1 f5 14. f4 Nf6 15. Na3 Qh6 16. Qe1 Rg8 17.
Qg3 g5 18. fxg5 Qxg5 19. Qxg5 Rxg5 $15 {1/2 (71) Kurtenkov,A (2455)-Ivanovic,B
(2490) Plovdiv 1986}) (5... Nf6 6. Bb2 Be7 7. d3 O-O 8. Nbd2 Na5 9. c4 a6 10.
Ba4 Rb8 11. b4 cxb4 12. Bc2 b5 13. cxb5 axb5 14. d4 Nc4 15. Qb1 Bb7 16. dxe5
dxe5 17. Nxc4 bxc4 18. Bxe5 Ra8 $17 {0-1 (30) Cheparinov,I (2702)-Jones,G 
(2654) Bratto 2013}) 6. Ne1 f5 7. Bb2 Nf6 8. d3 Be7 9. Nc3 Be6 10. f3 Qb6 11.
fxe4 fxe4 12. Bxc6+ Qxc6 13. Nxe4 Nxe4 14. dxe4 Qxe4 15. Bxg7 Rg8 16. Bh6 O-O-O
17. Qf3 Qg6 18. Bf4 $11 {0-1 (45) Mantovani,R (2419)-Sermek,D (2545)
Montecatini Terme 1999}) 5... Nf6 6. d4 e4 7. d5 a6 {Nakamura had another
solution at his disposal with the move 7...Bd7, but the pawn attack seems to
be more active and complicated.} (7... exf3 $2 8. dxc6 bxc6 9. Bxc6+ Bd7 10.
Bxa8 Qxa8 11. gxf3 $16) (7... Bd7 8. Ng5 Qe7 9. Bb2 Ne5 10. Bxd7+ Nexd7 $11) 8.
Bf1 Ne7 (8... exf3 9. dxc6 bxc6 10. Qxf3 d5 $11) 9. Nd2 (9. Ng5 Bf5 10. f3 exf3
11. Qxf3 Bg4 12. Qg3 Qd7 $11) 9... Bf5 10. Bb2 b5 {White had wanted to reach
an original position out of the opening and Black could not have agreed more.
The exposed pawns on d5 and e4 are compensating for each other.} 11. h3 h5 (
11... b4 12. Ne2 Nexd5 13. g4 Bg6 14. Bg2 Nc7 15. h4 h6 16. Nf4 d5 17. g5 hxg5
18. hxg5 Rxh1+ 19. Bxh1 Nd7 20. Nxg6 fxg6 21. Nxe4 dxe4 22. Bxe4 Qxg5 23. Bxa8
Nxa8 24. Qf3 $11) 12. a3 Nc8 {The fearless American grandmaster has the
reputation of being a great magician in tactics. Many of less creative souls
would gladly accept reasonable position after exchanges of d5- and e4-pawns.} (
12... Nexd5 13. Ndxe4 Nxc3 14. Nxc3 d5 15. Bd3 Be6 $11) 13. a4 b4 14. Ne2 Nxd5
$6 (14... Nb6 $1 15. Ng3 (15. Bxf6 Qxf6 16. Ng3 $11) 15... Bg6 16. Bxf6 gxf6
17. a5 Nd7 18. Ngxe4 Qe7 (18... f5 19. Ng3 Bg7 $11) 19. Bd3 f5 $11) 15. Ng3
Nxe3 $5 {Black is clearly trying to shake the confidence of his adversary with
the help of this shocking move. The polite retreat of the f5-bishop was
favouring White, so the objective merit of the move is not the only criterion.}
(15... Bg6 16. Ngxe4 h4 17. Qf3 Ra7 18. Bd3 Bh5 19. g4 hxg3 20. Qxg3 $14) 16.
Qe2 $2 {Rapport is not as experienced as his dangerous opponent. The queen
move prepares dangers for Black as well, but objectively best was accept the
gift of the knight.} (16. fxe3 Qh4 17. Kf2 d5 18. Be2 Bd6 19. Ndf1 Be6 20. Qe1
Ne7 (20... f6 21. Kg1 Qg5 $14) 21. Kg1 Qg5 22. Rd1 $14) 16... Nxc2+ 17. Kd1 Bg6
18. Ndxe4 (18. Kxc2 d5 19. Qe3 f5 20. Ne2 d4 21. Qg3 Bf7 $15) 18... Qe7 {
Nakamura could not have decided for the knight retreat to e7. It would have
given him the chance to fight for an advantage.} (18... Ne7 19. Qxc2 d5 20. Ke1
h4 21. Qxc5 (21. Qe2 Qc7 $17) 21... dxe4 $15) 19. Qf3 $2 {The brave idea
played by Rapport does not work and the move loses the game. It is a great
pity for the player with White as both king and queen captures on c2 were
sufficient for equality.} (19. Kxc2 d5 20. Rd1 $1 Qe6 (20... dxe4 $2 21. Qb5+
$1 $18) 21. Qd2 Nb6 22. a5 dxe4 23. Kc1 c4 24. axb6 c3 25. Qd5 cxb2+ 26. Kxb2
Rb8 $11) (19. Qxc2 d5 20. Bd3 dxe4 21. Bxe4 Bxe4 22. Qxe4 Qxe4 23. Nxe4 Nb6 24.
Kc2 O-O-O 25. Rad1 $11) 19... Nxa1 20. Bc4 {White might have dreamed about the
immediate check on f6, but the final position of the line was too depressing.}
(20. Nf6+ gxf6 21. Bxa1 (21. Bxf6 Bc2+ 22. Kd2 Bh6+ $19) 21... d5 22. Bxf6 Be4
$1 23. Qf4 Bh6 24. Qh4 Qe6 25. Bxh8 Nd6 $19) 20... Nb6 $1 21. Nf6+ (21. Re1
O-O-O 22. Bxa6+ Kb8 23. Bxa1 d5 $19) 21... gxf6 22. Bxf6 {It was impossible to
use the rook for the pin, as Black has an original mating attack with his
bishop pair.} (22. Re1 Bc2+ 23. Kd2 Bh6+ $19) 22... Qc7 23. Re1+ (23. Bxh8 d5
24. Re1+ Kd7 25. Nxh5 Qd6 $19) 23... Kd7 24. Bxa1 (24. Bxh8 Nc2 25. Re2 Qc6)
24... Qc6 $1 {[%mdl 1024] Nakamura manages to combine his tactical gifts with
a very high understanding of chess. Black has no need to try keeping the extra
material as his position is completely winning.} (24... Rg8 $2 25. Bxf7 $11) (
24... Nxc4 25. Bxh8 Qc6 26. Qxc6+ Kxc6 27. bxc4 b3 $19) 25. Qxc6+ Kxc6 26. Bxh8
h4 (26... Nxc4 27. bxc4 b3 28. Bf6 Rb8 29. Re2 Bh6 30. Rb2 Rb4 $19) 27. Nf1
Nxc4 28. bxc4 Bd3 29. Nd2 (29. Ne3 Re8 30. Kd2 Bxc4 31. Nxc4 Bh6+ 32. Kd1 Rxh8
$19) 29... d5 {The pawn mass in the centre combined with the bishop pair is
simply unbearable for the defender.} (29... Bh6 30. Bf6 Rg8 31. Rg1 Re8 $19)
30. cxd5+ Kxd5 31. Re5+ Kc6 32. Rh5 Bg6 {White is not even able to take the
pawn on h4 and the bishop on h8 will be lost.} (32... Bg6 33. Rxh4 Be7 34. Rh6
Bg5 $19) 0-1

[Event "ISR Cup-f"]
[Site "Israel"]
[Date "1998.05.14"]
[Round "5"]
[White "Soffer, Ram"]
[Black "Smirin, Ilia"]
[Result "0-1"]
[WhiteElo "2525"]
[BlackElo "2590"]
[Annotator "Har Zvi,R"]
[PlyCount "64"]
[EventDate "1998.05.??"]
[EventType "team"]
[EventRounds "1"]
[EventCountry "ISR"]
[SourceTitle "CBM 065"]
[Source "ChessBase"]
[SourceDate "1998.08.06"]
[SourceVersion "1"]
[SourceVersionDate "1998.08.06"]
[SourceQuality "1"]

{this was the match on the first board in the fianl,Smirin with no doubt the
best Active player in Israel showes again why it's like this} 1. e4 c5 2. Nf3
e6 3. d3 Nc6 4. g3 g6 5. Bg2 Bg7 6. O-O Nge7 7. Re1 d6 8. c3 e5 9. a3 O-O 10.
b4 Kh8 $5 (10... Be6 11. Be3 (11. Nbd2 h6 12. Bb2 b5 13. Nf1 Qb6 14. Qd2 Rfd8
15. Ne3 a5 16. Nh4 axb4 17. axb4 cxb4 18. cxb4 Ra4 $1 $15 {0-1 Dolmatov,
S-Rublevsky,S/Moscow PCA qual 1996/EXP 52 (40)}) 11... b6 12. Nbd2 h6 13. b5
Na5 14. d4 cxd4 15. cxd4 Qd7 16. d5 Bg4 $132 {1-0 Kavalek,L-Jakobsen,O/Skopje
olm 1972/MCD-ol (41)}) (10... a6 11. Nbd2 (11. Be3 b6 12. Qc1 Re8 13. Nbd2 Bb7
14. Rb1 Rb8 15. Nf1 Ba8 16. h4 Qd7 17. h5 b5 18. Bh6 Bh8 19. hxg6 hxg6 20. Qg5
cxb4 21. axb4 d5 22. Ne3 f6 23. Qh4 $40 {1-0 Efimov,I-Fedorov,V/Yalta op 1995/
EXT 95op (58)}) 11... h6 12. Rb1 (12. Bb2 Be6 13. Rb1 b5 14. Nb3 Qb6 15. Bc1
cxb4 16. Be3 Qc7 17. cxb4 a5 18. Qd2 axb4 19. axb4 Ra3 20. Nc1 Kh7 21. Ne2 {
1/2-1/2 Torre,E-Gheorghiu,F/Manila 1973/EXT 97}) 12... Rb8 13. Bb2 Kh7 14. Ba1
cxb4 15. axb4 Be6 16. d4 exd4 17. cxd4 d5 18. b5 axb5 19. Rxb5 Qd7 20. Qb1 Rfe8
21. exd5 Bxd5 22. Ne4 $36 {1/2-1/2 Kavalek,L-Enklaar,B/IBM 1973/MCL 07 (65)}) (
10... cxb4 11. cxb4 a6 12. Bb2 b5 13. Nbd2 a5 14. bxa5 Qxa5 15. Nb3 Qb6 16. d4
Bg4 17. d5 Na5 18. Nxa5 {1/2-1/2 Hug,W-Augustin,J/Pula zt 1975/MCD-r7}) (10...
b6 11. Nbd2 h6 12. Bb2 Be6 13. Nb3 Rc8 14. b5 Nb8 15. Nfd2 a6 16. a4 a5 17. Nc4
Qc7 18. Nbd2 Nd7 19. Rc1 Qb8 20. Ne3 f5 $36 {0-1 Rajkovic,D-Ostermeyer,P/Troll
Masters 1984/MCD-op (33)}) 11. Nbd2 f5 {I like black's position,we got out of
the opening and black should has no problems at all,his pieces are well placed
he has no space problem that's enough,Smirin quickly converts these factors
into advantage for him} 12. b5 Na5 13. Bb2 fxe4 14. dxe4 (14. Nxe4 c4 $1 $17 {
[%csl Rb2]}) 14... Be6 15. Qe2 {[%tqu "En","can you find black's idea","the
knight on 'e7' seems very bad","","e7c8","",7]} Nc8 $1 {[%csl Rb2][%cal Gc8b6,
Gb6c4,Gb6a4]} 16. c4 Nb6 17. Rac1 a6 $1 {black is already better,with a very
pleasent game} 18. Qd3 Qe7 19. Ba1 axb5 20. cxb5 c4 21. Qe3 Na4 22. Bf1 (22.
Rc2 Rfc8 {[%csl Rb5][%cal Gc8c5,Ga5b3]} 23. Rec1 Rc5 $1 $15 {[%cal Ga8c8] /-/+}
) 22... Nb3 23. Rc2 (23. Nxb3 cxb3 24. Rb1 $8 (24. Bc3 {[%cal Gc3b4]} b2 $1 25.
Rb1 (25. Rc2 Rac8 $19 {[%csl Rf2][%cal Ge7f6,Gc8c1]}) 25... Qf6 26. Be2 Bg4 27.
Kg2 Bh6 $19) 24... Rfc8 {with advantage for black}) 23... Nxa1 24. Rxa1 c3 25.
Nc4 $2 (25. Nb1 $8 d5 26. exd5 Bxd5 27. Ne1 e4 $17 {when white's position
seems very difficult,a try to free his position with an exchange sacrifise on
"c3" fails as we will see} 28. Nxc3 Nxc3 29. Rxc3 Qf6 $1 (29... Bxc3 $2 30.
Qxc3+ Qf6 31. Qxf6+ Rxf6 {of ocurse black is better,much better but why to
give these chances Qf6 is much better}) 30. Rc5 (30. Rac1 Bh6 $1 31. Qe2 (31.
Qxh6 $4 Qxf2+ 32. Kh1 Qxf1#) 31... Bxc1 32. Rxc1 Rxa3 $19) 30... Qxa1 31. Rxd5
Qb2 $1 $19 {[%csl Rf2] the winning move} 32. Rd2 Rxa3) 25... Rac8 {not a
mistake of course [ also this move wins quite easily ] but Rfc8 was even
stronger,black could still get this position since after Na5 he can play Ra8
white has nothing but Nc4 and then Rfc8} (25... Rfc8 $1 26. Nb6 Nxb6 27. Qxb6
Bh6 $1 $19 {[%csl Rb6][%cal Ge6b3]}) 26. Na5 d5 (26... Ra8 27. Nc4 Rfc8) 27.
exd5 Bxd5 {[%csl Ra5]} 28. Ng5 Qc7 29. Rd1 (29. b6 Nxb6 30. Rb1 (30. Bh3 Na4 $1
31. Bxc8 Rxc8 32. Qa7 b6 33. Qxc7 Rxc7 $19)) 29... Bg8 30. b6 Nxb6 31. Rb1 (31.
Bg2 Na4 32. Nxb7 Bb3 $19) (31. Qe2 {[%cal Ge2b5]} e4 $1 $19 {[%cal Gf8f5]})
31... Nd5 32. Qa7 Ra8 {and black won Quickly} 0-1

[Event "RUS-ch KO"]
[Site "Moscow"]
[Date "1999.12.17"]
[Round "2.1"]
[White "Turov, Maxim"]
[Black "Filippov, Valerij"]
[Result "1/2-1/2"]
[WhiteElo "2529"]
[BlackElo "2605"]
[Annotator "Hecht,H"]
[PlyCount "157"]
[EventDate "1999.12.04"]
[EventType "k.o."]
[EventRounds "6"]
[EventCountry "RUS"]
[SourceTitle "CBM 075"]
[Source "ChessBase"]
[SourceDate "2000.04.05"]
[SourceVersion "1"]
[SourceVersionDate "2000.04.05"]
[SourceQuality "1"]

1. e4 c5 2. Nf3 e6 3. d3 Nc6 4. g3 Nge7 5. Bg2 g6 6. O-O Bg7 7. c3 O-O 8. d4
cxd4 9. cxd4 Qb6 10. d5 Bxb2 11. Bxb2 Qxb2 12. dxc6 Qxa1 13. Qb3 Qg7 14. cxb7
Rb8 15. bxc8=Q Rfxc8 16. Qa3 Nc6 17. Qd6 Qa1 18. Qxd7 Qxa2 19. Nbd2 Qc2 20. Qd6
Kg7 21. Nd4 Nxd4 22. Qxd4+ Kg8 23. Nf3 a5 24. Qf6 Rc7 25. Ne5 Qc3 26. Qf4 a4
27. Ng4 a3 28. e5 a2 29. Nf6+ Kg7 30. Ng4 Kg8 31. Nf6+ Kg7 32. Ng4 f5 33. exf6+
Kh8 34. f7 Rf8 35. Qe5+ Qxe5 36. Nxe5 Kg7 37. Bh3 Kf6 (37... Ra7 38. Ra1 (38.
Bxe6 a1=Q 39. Rxa1 Rxa1+ 40. Kg2 Ra6 41. Bc4 Rd6 42. h4 Rfd8 $17 {was zu
beweisen wäre.}) 38... Rb8 39. Kg2 Rb1 40. Rxa2 Rxa2 41. Bxe6 Ra8 42. Nd7 $11)
38. Ra1 Kxe5 39. Rxa2 Kf6 40. Ra6 Re7 41. Bf1 Kxf7 42. Bc4 Rc8 43. Bb3 Rb8 44.
Bc4 Rb2 (44... g5 $142 $5 {im Hinblick auf die spätere Remisposition mit
weißem Bh4.}) 45. h4 Kf6 46. Kg2 Ke5 47. Ba2 Rc7 48. Kf3 h5 49. Rxe6+ Kf5 50.
Ra6 Rc3+ 51. Kg2 Rcc2 52. Be6+ Ke5 53. Bh3 Rxf2+ 54. Kg1 Rh2 ({Mehr Probleme
bereitet} 54... Rfc2 55. Re6+ Kd4 56. Rxg6 {Das ist freilich nicht erzwungen!}
Rc1+ 57. Bf1 Ke5 58. Rg8 Kf5 59. Rf8+ Kg4 60. Rf2 Rcc2 61. Rf8 (61. Rxc2 Rxc2
62. Bd3 Rb2 63. Bg6 Kxg3 {mit Mattdrohung, so dass auch der Bh4 fällt}) 61...
Kxg3 62. Rg8+ Kxh4 63. Rg7 Rb4 $19 {z.B.} 64. Kh1 Rg4 65. Re7 Kg3 66. Rd7 Rc1
67. Rf7 Rf4) 55. Bf1 Kf5 56. Ra4 Rhd2 57. Bh3+ Ke5 58. Ra5+ Kd4 59. Ra4+ Ke5
60. Ra5+ Kd4 61. Ra4+ Ke5 62. Ra5+ Kf6 63. Ra6+ Kg7 64. Ra3 Rf2 65. Rb3 Kf6 66.
Rxb2 Rxb2 67. Bg2 {[#] Dies ist eine theoretische Remisstellung. Der Läufer
bleibt auf der Diagonalen h1-a8 und auf ein mögliches g5 wird hxg5 geantwortet.
} Ke5 68. Bf3 Kd4 69. Bc6 Ke3 70. Ba8 Rc2 71. Bb7 Rc7 72. Ba8 Rc5 73. Kg2 g5
74. hxg5 Rxg5 75. Kh3 Rg4 76. Bd5 Kf2 77. Bf7 Rxg3+ 78. Kh4 Rg7 79. Be8 1/2-1/2

[Event "YUG-ch"]
[Site "Novi Sad"]
[Date "1995.??.??"]
[Round "?"]
[White "Abramovic, Bosko"]
[Black "Nikolic, Zivoslav"]
[Result "1/2-1/2"]
[WhiteElo "2520"]
[BlackElo "2480"]
[Annotator "Hecht,H"]
[PlyCount "124"]
[EventDate "1995.02.??"]
[EventType "tourn"]
[EventRounds "17"]
[EventCountry "YUG"]
[EventCategory "10"]
[SourceTitle "CBM 049"]
[Source "ChessBase"]
[SourceDate "1995.12.01"]
[SourceVersion "1"]
[SourceVersionDate "1995.12.01"]
[SourceQuality "1"]

1. Nf3 g6 2. d4 Bg7 3. g3 d5 4. Bg2 c6 5. O-O Nh6 6. c4 Nf5 7. cxd5 cxd5 8. Nc3
Nc6 9. e3 O-O 10. b3 e6 11. Ba3 Re8 12. Rc1 Nd6 13. Qe2 f5 14. Nd2 Nf7 15. f4
Bd7 16. Rfd1 Rc8 17. Nf3 Qa5 18. Nb1 Nb8 19. Rc5 Qa6 20. Qd2 b6 21. Bf1 Qb7 22.
Rcc1 Rxc1 23. Rxc1 Rc8 24. Rxc8+ Qxc8 25. Qc3 Qxc3 26. Nxc3 Bf8 27. Bxf8 Kxf8
28. Ne5 Nd6 29. Bd3 Ke7 30. h3 Nc6 31. g4 Nb4 32. Kf2 Nf7 33. Bb1 Be8 34. Kg3
Nd6 35. a3 Na6 36. Bd3 Nc7 37. Kf2 Kf6 38. g5+ Ke7 39. h4 Ncb5 40. Bxb5 Nxb5 {
starkes Springerpaar gegen S+schlechten L; fast vollständig blockierte
Stellung ==> Festung} 41. Nb1 Kd8 42. a4 Nd6 43. Nc3 a5 44. Ke1 Bd7 45. Kd2 Ne8
46. Kc2 Ng7 47. Kb2 Nh5 48. Ne2 Bc8 49. b4 Ba6 50. Nc3 axb4 51. Na2 Be2 52. Kb3
Ng3 53. Kxb4 Nf1 54. Nc3 Ba6 55. a5 bxa5+ 56. Kxa5 Bc4 57. Nxc4 dxc4 58. e4
fxe4 59. Nxe4 Ne3 60. Kb4 Ke7 61. Nd2 Nd5+ 62. Kxc4 Nxf4 1/2-1/2

[Event "ARG-ch"]
[Site "Buenos Aires"]
[Date "1998.04.28"]
[Round "12"]
[White "Ricardi, Pablo"]
[Black "Fiorito, Fabian"]
[Result "1-0"]
[WhiteElo "2555"]
[BlackElo "2455"]
[Annotator "Hecht,H"]
[PlyCount "107"]
[EventDate "1998.04.15"]
[EventType "tourn"]
[EventRounds "15"]
[EventCountry "ARG"]
[EventCategory "9"]
[SourceTitle "CBM 065"]
[Source "ChessBase"]
[SourceDate "1998.08.06"]
[SourceVersion "1"]
[SourceVersionDate "1998.08.06"]
[SourceQuality "1"]

1. Nf3 c5 2. g3 Nc6 3. d4 cxd4 4. Nxd4 g6 5. Bg2 Bg7 6. Nxc6 bxc6 7. c4 Nf6 8.
O-O O-O 9. Nc3 Qa5 10. Qd2 Qh5 11. h3 Qc5 12. b3 d5 13. cxd5 cxd5 14. Bb2 Rb8
15. Rac1 Qd6 16. Rfd1 Rd8 17. Nxd5 Nxd5 18. Bxg7 Kxg7 19. Qxd5 Qxd5 20. Rxd5
Rxd5 21. Bxd5 Bxh3 22. Rc7 Rd8 23. Bc4 Rd7 24. Rc5 Kf6 25. Ra5 Rc7 26. f4 Bf5
27. Kf2 h5 28. Kf3 e6 29. e4 Bg4+ 30. Ke3 Ke7 31. Rb5 f6 32. a4 Kd6 33. Kd4 Rd7
34. Kc3 Bf3 35. e5+ fxe5 36. Rxe5 Bg4 37. Ra5 Bf5 38. Ra6+ Ke7 39. Rc6 Kf6 40.
a5 Re7 41. Be2 Be4 42. Rc5 e5 43. fxe5+ Rxe5 44. Kd4 Rxc5 45. Kxc5 {[#]
White's pawns on the queenside seem to be more dangerous than the
less-advanced black counterparts on the other wing, to be sure, but White's
refined winning plan is impressive; the way he sets about it is very different
from what one would suspect. [#] Die weißen Bauern am Damenflügel erscheinen
zwar gefährlicher als die weniger weit vorgerückten schwarzen am anderen
Flügel, dennoch beeindruckt der raffinierte weiße Gewinnplan, der den Hebel
ganz anders als vermutet ansetzt.} Kg5 46. Kd4 $1 (46. b4 h4 47. gxh4+ Kxh4 48.
b5 g5 49. Kd6 g4 50. Kc7 g3 51. Bf1 g2 52. Bxg2 Bxg2 53. Kb8 Bf1 $11) 46... Bg2
47. Ke3 h4 48. Kf2 Bd5 (48... h3 $5 49. Bf3 $6 (49. b4 $1 Bd5 {[%cal Rh3h2]}
50. Kg1 Kf6 51. Kh2 Bg2 52. Bg4 Ke5 53. Bxh3 Bxh3 (53... Be4 54. Bc8 $5 (54.
Bf1 $5 g5 $1 55. Kg1 Kd4 56. Kf2 {is probably more promising, because the
white queenside pawns are able to be better protected. ist wahrscheinlich
aussichtsreicher, weil die weißen Damenflügelbauern besser verteidigt werden
können.} Bd5 (56... Kc3 $2 57. b5 Kb4 58. b6 axb6 59. axb6 Kc5 60. Bg2 $18) 57.
Be2 Be4 {Analyse!}) 54... Kd4 {Who can find a white win here, or in the other
positions in the complex stemming from 48...h3 ? Wer findet hier oder an
anderen Stellen zum Komplex 48.....h3 einen weißen Gewinn?}) 54. Kxh3 Kd4 55.
b5 Kc5 56. b6 axb6 57. axb6 Kxb6 58. Kg4 Kc5 59. Kg5 Kd5 60. Kxg6 Ke4 61. g4
$18) 49... Bxf3 50. Kxf3 Kf5 51. g4+ Ke5 52. Kg3 Kd5 53. Kxh3 (53. g5 Kc5 54.
Kxh3 Kb5 55. Kg4 Kxa5 56. Kf4 Kb4 57. Ke5 Kxb3 58. Kf6 a5 59. Kxg6 a4 60. Kf5
a3 61. g6 $11) 53... g5 54. Kg3 Kc5 55. Kf3 Kb5 56. Ke4 Kxa5 57. Kf5 Kb4 58.
Kxg5 Kxb3 59. Kf5 a5 60. g5 a4 61. g6 a3 62. g7 a2 63. g8=Q+ Kb2 $11) 49. gxh4+
Kxh4 50. b4 g5 (50... Kh3 $1 51. Bf1+ $140 Kh2 {[%csl Yf3,Yg2][%cal Gd5g2,
Gh2g2] prevents the later winning idea Bg2. Verhindert das später
gewinnbringende Lg2}) 51. b5 (51. Bf1 $1 Kg4 52. b5 Kf4 53. b6 axb6 54. a6 Ke5
55. Bg2 Kd6 56. Bxd5 Kc7 57. a7 $18) 51... g4 $2 (51... Kh3 $1 52. Kg1 g4 53.
a6 Kg3 54. Bd3 {[%cal Yd3f5,Yf5c8,Yc8b7]} Kf4 {I don't see any win! Analyse!
Ich sehe keinen Gewinn. Analyse!}) 52. Bf1 $1 {[%csl Yh3][%cal Rf1g2]} g3+ 53.
Kg1 Kg4 54. a6 1-0